Sinews of empire : networks in the Roman Near East and beyond /

محفوظ في:

مؤلفون آخرون: Teigen, Hakon Fiane., Seland, Eivind Heldaas.

التنسيق: كتاب

اللغة: English

منشور في: Oxford : Oxbow Books, 2017.

الموضوعات:

الوسوم: إضافة وسم

لا توجد وسوم, كن أول من يضع وسما على هذه التسجيلة!

رقم الطلب: DG215 .M53 S56 2017

LEADER 00994namaa2200253 4500
003 OSt
005 20260115105753.0
008 130303s2017 enkab b 000 0 eng d
020 |a 9781785705960 
040 |c ARCE Library 
043 |a e------  |a aw----- 
050 4 |a DG215 .M53 S56 2017 
245 0 0 |a Sinews of empire :  |b networks in the Roman Near East and beyond /  |c edited by Håkon Fiane Teigen and Eivind Heldaas Seland. 
264 1 |a Oxford :  |b Oxbow Books,  |c 2017. 
300 |a xii, 184 pages :  |b illustrations (some color), maps ;  |c 26 cm. 
500 |a "This volume brings together papers presented at a conference at the Norwegian Institute in Athens in December 2015."--page 10. 
504 |a Includes bibliographical references. 
651 0 |a Rome  |x Relations  |z Middle East  |v Congresses. 
651 0 |a Middle East  |x Relations  |z Rome  |v Congresses. 
700 1 |a Teigen, Hakon Fiane.  |9 40961 
700 1 |a Seland, Eivind Heldaas.  |9 39653 
901 |a reviewed 
942 |c BK  |2 lcc 
999 |c 7449  |d 7449